[Event "Medium KO  1600-2000"]
[Site "SchemingMind.com"]
[Date "2007.08.01"]
[Round "-"]
[White "marks"]
[Black "javilez"]
[Result "0-1"]
[WhiteCountry "PHI"]
[BlackCountry "NCA"]
[WhiteElo "1717"]
[WhiteRD "61"]
[BlackElo "1797"]
[BlackRD "61"]
[GameID "114531"]

1. e4 c5 2. Nc3 e6 3. Bc4 a6 4. a4 b6 5. Nf3 d6 6. O-O Bb7 7. d3 Nf6 8. Bg5 Nbd7 9. Qd2 Be7 10. Rae1 Qc7
11. h3 O-O 12. Nh2 Ne5 13. f4 Nxc4 14. Qc1 Na5 15. f5 b5 16. Rf3 b4 17. Ne2 d5 18. Nf4 dxe4 19. Rfe3 exf5 20. c4 h6
21. dxe4 hxg5 22. Nd5 Nxd5 23. exd5 Bd6 24. Nf3 Bf4 25. Qc2 Bxe3+ 26. Rxe3 Qf4 27. Re7 Rfe8 28. Qe2 Kf8 29. d6 Qxd6
0-1

[Event "Medium KO  1600-2000"]
[Site "SchemingMind.com"]
[Date "2007.08.02"]
[Round "-"]
[White "javilez"]
[Black "marks"]
[Result "0-1"]
[WhiteCountry "NCA"]
[BlackCountry "PHI"]
[WhiteElo "1691"]
[WhiteRD "60"]
[BlackElo "1732"]
[BlackRD "63"]
[GameID "114537"]

1. d4 d5 2. c4 Nf6 3. Nc3 c6 4. e3 Bf5 5. Nf3 e6 6. a3 Bd6 7. cxd5 exd5 8. Bd3 Bxd3 9. Qxd3 Nbd7 10. O-O Qc7
11. b4 O-O 12. Bb2 Ng4 13. h3 Ngf6 14. Rac1 Qd8 15. Rfe1 Re8 16. Na4 Ne4 17. Nc5 b6 18. Nb7 Qb8 19. Nxd6 Qxd6 20. Rc2 c5
21. bxc5 bxc5 22. dxc5 Ndxc5 23. Qd4 f6 24. Rec1 Nb3 25. Qd3 Nxc1 26. Rxc1 Rac8 27. Rxc8 Rxc8 28. Nd4 Nc5 29. Qd2 Qd7 30. f3 g6
31. Ne2 Kf7 32. Qd4 Rc6 33. Nf4 Qf5 34. Nxd5 Rd6 35. e4 Qc8 36. Qc4 Kg7 37. Bd4 Qc6 38. Qxc5 Qxc5 39. Bxc5 Rd7 40. Bd4 Kf7
41. Bxf6 Ke6 42. Bc3 h5 43. Kf2 g5 44. Kg3 Rf7 45. f4 h4+ 46. Kg4 gxf4 47. Nxf4+ Kd7
0-1

[Event "Medium KO  1600-2000"]
[Site "SchemingMind.com"]
[Date "2007.08.02"]
[Round "-"]
[White "Tahur"]
[Black "Gilligan"]
[Result "1-0"]
[WhiteCountry "ARG"]
[BlackCountry "USA"]
[WhiteElo "1763"]
[WhiteRD "54"]
[BlackElo "1610"]
[BlackRD "76"]
[GameID "114936"]

1. e4 e5 2. Nf3 Nc6 3. Bb5 d6 4. d4 f6 5. d5 a6 6. Be2 Na7 7. Be3 b6 8. Nc3 Ne7 9. O-O g6 10. a4 Bg7
11. a5 b5 12. Qd2 Bd7 13. h3 O-O 14. b4 f5 15. Bg5 h6 16. Bxh6 f4 17. Bg5 Qe8 18. Bh4 Bh6 19. Kh2 Kg7 20. Ng5 Rh8
21. Rae1 Bxg5 22. Bxg5 Qf7 23. Qd3 Rh7 24. Bf3 Rah8 25. Rh1 Ng8 26. Kg1 Qf8 27. h4 Nh6 28. Kf1 Nf7 29. Bxf4 Rxh4 30. Rxh4 Rxh4
31. Be3 Nc8 32. Ke2 g5 33. g3 Rh2 34. Rh1 Qh8 35. Rxh2 Qxh2 36. Kd2 Ne7 37. Kc1 Ng8 38. Kb2 Ngh6 39. Qd2 Kg6 40. Qd1 Ng4
41. Bxg4 Bxg4 42. Qxg4 Qh6 43. Qc8
1-0

[Event "Medium KO  1600-2000"]
[Site "SchemingMind.com"]
[Date "2007.08.02"]
[Round "-"]
[White "Gilligan"]
[Black "Tahur"]
[Result "0-1"]
[WhiteCountry "USA"]
[BlackCountry "ARG"]
[WhiteElo "1610"]
[WhiteRD "76"]
[BlackElo "1763"]
[BlackRD "54"]
[GameID "114941"]

1. e4 e5 2. Nf3 Nc6 3. Bc4 Nf6 4. d3 h6 5. O-O d6 6. h3 g5 7. Nh2 d5 8. exd5 Nxd5 9. Bb5 Bd7 10. Bxc6 Bxc6
11. Re1 Bd6 12. d4 Ne7 13. Qh5 e4 14. Ng4 Nf5 15. Bxg5 Qxg5 16. Qxg5 hxg5 17. Nd2 Nxd4 18. Rac1 Bf4 19. Nf6+ Kf8 20. Nfxe4 Re8
21. g3 Bxd2 22. Nxd2 Re2 23. c3 Rxh3 24. cxd4 Rh1#
0-1

[Event "Medium KO  1600-2000"]
[Site "SchemingMind.com"]
[Date "2007.08.05"]
[Round "-"]
[White "NinjaPawn"]
[Black "mebalse"]
[Result "1-0"]
[WhiteCountry "ENG"]
[BlackCountry "URU"]
[WhiteElo "1951"]
[WhiteRD "89"]
[BlackElo "1929"]
[BlackRD "82"]
[GameID "115263"]

1. d4 d5 2. c4 dxc4 3. e3 b5 4. a4 c6 5. axb5 cxb5 6. Qf3 Qc7 7. Qxa8 a6 8. Qf3 Nf6 9. Qg3 Qb6 10. Nf3 Bf5
11. Bd2 Nc6 12. Ne5 Nxe5 13. Qxe5 e6 14. Ba5 Qb7 15. Nc3 Bc2 16. Be2 Nd7 17. Qc7 Qxc7 18. Bxc7 b4 19. Kd2 Bb3 20. Ne4 f5
21. Nd6+ Bxd6 22. Bxd6 Nf6 23. Bxb4 Ne4+ 24. Ke1 Kf7 25. Rxa6 Rb8 26. Bc3
1-0

[Event "Medium KO  1600-2000"]
[Site "SchemingMind.com"]
[Date "2007.08.05"]
[Round "-"]
[White "mebalse"]
[Black "NinjaPawn"]
[Result "0-1"]
[WhiteCountry "URU"]
[BlackCountry "ENG"]
[WhiteElo "1929"]
[WhiteRD "82"]
[BlackElo "1951"]
[BlackRD "89"]
[GameID "115272"]

1. e4 c5 2. f4 d5 3. e5 Nc6 4. Nf3 Nh6 5. h3 Nf5 6. g4 Ng3 7. Rh2 Nxf1 8. Kxf1 h5 9. g5 Bf5 10. Nh4 Qd7
11. Nxf5 Qxf5 12. d3 Nxe5 13. Nc3 Nc6 14. Qf3 e6 15. Bd2 Nd4 16. Qd1 f6 17. h4 Bd6 18. Qc1 O-O-O 19. Kf2 fxg5 20. hxg5 Rdf8
21. Rh4 Qxg5
0-1

[Event "Medium KO  1600-2000"]
[Site "SchemingMind.com"]
[Date "2007.08.07"]
[Round "-"]
[White "spoke"]
[Black "peeuukoo"]
[Result "0-1"]
[WhiteCountry "GER"]
[BlackCountry "FIN"]
[WhiteElo "1745"]
[WhiteRD "65"]
[BlackElo "1927"]
[BlackRD "87"]
[GameID "115455"]

1. e4 e5 2. Nf3 Nc6 3. Bc4 Nf6 4. Ng5 d5 5. exd5 Na5 6. Bb5+ c6 7. dxc6 bxc6 8. Be2 h6 9. Nf3 e4 10. Ne5 Bd6
11. d4 Qc7 12. Nc3 Bxe5 13. dxe5 Qxe5 14. O-O O-O 15. Be3 Be6 16. Qd4 Qf5 17. Qc5 Rfe8 18. Qxf5 Bxf5 19. Rfd1 Nb7 20. Rd2 Ng4
21. Bxg4 Bxg4 22. h3 Bf5 23. Rad1 a6 24. g4 Be6 25. Nxe4 Bxa2 26. Nd6 Nxd6 27. Rxd6 Bd5 28. c4 Be4 29. Kh2 a5 30. Kg3 a4
31. Bc5 Rac8 32. f3 Bc2 33. R1d2 Bb3 34. R6d4= Kh7 35. Ba3 Re6 36. Kf2 Rce8 37. Rd6 Bxc4 38. Rxe6 Rxe6 39. Rd6 Re2+ 40. Kg3 Bd5
41. f4 g5 42. fxg5 hxg5 43. Rf6 Rg2#
0-1

[Event "Medium KO  1600-2000"]
[Site "SchemingMind.com"]
[Date "2007.08.11"]
[Round "-"]
[White "erikbrynolfson"]
[Black "rodk"]
[Result "1/2-1/2"]
[WhiteCountry "USA"]
[BlackCountry "USA"]
[WhiteElo "1773"]
[WhiteRD "67"]
[BlackElo "1634"]
[BlackRD "90"]
[GameID "115456"]

1. b3 e5 2. Bb2 Nc6 3. e3 d5 4. Bb5 Bd6 5. f4 Qe7 6. Nf3 f6 7. fxe5 fxe5 8. Qe2 Bd7 9. Nc3 Nf6 10. O-O-O a6
11. Bxc6 Bxc6 12. Qf2 Ne4 13. Nxe4 dxe4 14. Nh4 g6 15. g3 Rf8 16. Qg1 O-O-O 17. Rf1 Ba3 18. Rxf8 Qxf8 19. Qd1 Bxb2+ 20. Kxb2 Qf2
21. Kc1 Kb8 22. Qe1 Rf8 23. Qxf2 Rxf2 24. Kd1 g5 25. Ke1 Rf7 26. Ng2 Bd7 27. Rf1 Rf3 28. Rf2 c5 29. Kf1 b5 30. Ne1 Rxf2+
31. Kxf2 Kc7 32. d3 Bf5 33. Ke2 g4 34. Kd2 Kc6 35. a3 c4 36. dxc4 bxc4 37. b4 Kb5 38. Kc3 Be6 39. Kb2 Ka4=
1/2-1/2

[Event "Medium KO  1600-2000"]
[Site "SchemingMind.com"]
[Date "2007.08.07"]
[Round "-"]
[White "peeuukoo"]
[Black "spoke"]
[Result "1-0"]
[WhiteCountry "FIN"]
[BlackCountry "GER"]
[WhiteElo "1927"]
[WhiteRD "87"]
[BlackElo "1745"]
[BlackRD "65"]
[GameID "115459"]

1. d4 d5 2. c4 e6 3. Nc3 Nf6 4. Bg5 Nbd7 5. e3 Be7 6. Bd3 c5 7. Nf3 O-O 8. O-O dxc4 9. Bxc4 cxd4 10. Nxd4 Nb6
11. Bd3 Nfd5 12. Bxe7 Qxe7 13. Rc1 Bd7 14. Re1 Nxc3 15. Rxc3 Nd5 16. Rc1 Rac8 17. Qb3 b6 18. h3 Rxc1 19. Rxc1 Rc8 20. Rxc8+ Bxc8
21. Qc2 Bb7 22. Bxh7+ Kh8 23. Be4 Nb4 24. Qb1 Bxe4 25. Qxe4 Nd5 26. Nc6 Qc7 27. Ne5 Kg8 28. Qd4 Qc1+ 29. Kh2 Qc7 30. f4 f6
31. Nf3 g5 32. Qe4 Qd6 33. Qd4 gxf4 34. e4 e5 35. Qxd5+
1-0

[Event "Medium KO  1600-2000"]
[Site "SchemingMind.com"]
[Date "2007.08.11"]
[Round "-"]
[White "rodk"]
[Black "erikbrynolfson"]
[Result "1-0"]
[WhiteCountry "USA"]
[BlackCountry "USA"]
[WhiteElo "1665"]
[WhiteRD "89"]
[BlackElo "1753"]
[BlackRD "66"]
[GameID "115460"]

1. d4 Nf6 2. c4 e6 3. Nf3 Bb4+ 4. Nbd2 d5 5. e3 O-O 6. a3 Bxd2+ 7. Bxd2 b6 8. b4 Nbd7 9. cxd5 exd5 10. Bb5 Bb7
11. Qa4 a6 12. Bc6 b5 13. Qc2 Rb8 14. O-O Nb6 15. Bxb7 Rxb7 16. Bc3 Nc4 17. Nd2 Nxd2 18. Bxd2 Ne4 19. Be1 Qc8 20. Qc6 Nf6
21. Qxa6 c6 22. Rc1 Rc7 23. Qxc8 Rfxc8 24. Bc3 Ne4 25. Bb2 Nd2 26. Rfe1 Nc4 27. Re2 Ra7 28. Ra1 g6 29. g3 Kg7 30. Bc1 Kf6
31. g4 Rca8 32. Rea2 h5 33. h3 hxg4 34. hxg4 Rh8 35. Kg2 Raa8 36. a4 bxa4 37. Rxa4 Rab8 38. R1a2 Rhe8 39. Re2 Ra8 40. Rea2 Rab8
41. Kg3 Rb6 42. Ra6 Reb8 43. Rxb6 Rxb6 44. Ra4 Ke6 45. f3 Kd6 46. Kf4 f6 47. e4 Ke6 48. Kg3 dxe4 49. fxe4 Nd6 50. Kf3 Nb5
51. Bb2 Nc7 52. Ke3 Nb5 53. Kd3 Nd6 54. e5 fxe5 55. dxe5 Nf7 56. Kc4 Rb5 57. Ra5 Nxe5+ 58. Bxe5 Rxe5 59. Rxe5+ Kxe5 60. Kc5 Kf4
61. Kxc6 Kxg4 62. b5 Kf3 63. b6 g5 64. b7 g4 65. b8=Q g3 66. Qf8+ Kg2 67. Kd5 Kh2 68. Qh8+ Kg1 69. Ke4
1-0

[Event "Medium KO  1600-2000"]
[Site "SchemingMind.com"]
[Date "2007.08.07"]
[Round "-"]
[White "tiggeronvrb"]
[Black "MrPerry"]
[Result "1-0"]
[WhiteCountry "SCO"]
[BlackCountry "USA"]
[WhiteElo "1828"]
[WhiteRD "64"]
[BlackElo "1828"]
[BlackRD "70"]
[GameID "115568"]

1. Nf3 f5 2. d3 Nc6 3. e4 d6 4. Nc3 Nf6 5. g3 fxe4 6. dxe4 e5 7. Bg2 Bg4 8. O-O h6 9. Be3 Be7 10. Qd2 Qd7
11. Nh4 a6 12. a4 Bh3 13. Ne2 Bxg2= 14. Nxg2 Ng4 15. c3 Nxe3 16. Nxe3 Bg5 17. f4 exf4 18. Nxf4 O-O-O 19. Nc4 Ne5= 20. Qe2 Qg4
21. Qxg4+ Nxg4 22. Ne6 Ne3 23. Nxg5 Nxf1 24. Nf7 Rhf8 25. Nxd8 Nxg3 26. hxg3
1-0

[Event "Medium KO  1600-2000"]
[Site "SchemingMind.com"]
[Date "2007.08.07"]
[Round "-"]
[White "MrPerry"]
[Black "tiggeronvrb"]
[Result "1-0"]
[WhiteCountry "USA"]
[BlackCountry "SCO"]
[WhiteElo "1828"]
[WhiteRD "70"]
[BlackElo "1828"]
[BlackRD "64"]
[GameID "115571"]

1. e4 c5 2. Nf3 Nc6 3. d4 cxd4 4. Nxd4 Nf6 5. Nc3 g6 6. Be3 Bg7 7. Bc4 O-O 8. O-O d6 9. h3 Bd7 10. Nf3 Qc8
11. Nh2 Ne8 12. Qd2 Kh8 13. Bh6 Na5 14. Bxg7+ Kxg7 15. Bb3 Nxb3 16. axb3 Qc5 17. Qd5 Qxd5 18. Nxd5 e6 19. Ne3 Bc6 20. f3 h5
21. Rfd1 f5 22. exf5 exf5 23. Nd5 Nf6 24. Nf4 Rf7 25. Rxd6 Rd7 26. Rxd7+ Nxd7 27. Nf1 a6 28. Re1 Nb6 29. Kf2 Nd5 30. Nxd5 Bxd5
31. Ne3 Bc6 32. Re2 Re8 33. Nc4 Rxe2+= 34. Kxe2 Kf6 35. Na5 Ke5 36. Nxc6+ bxc6 37. Ke3 c5 38. f4+ Kd6 39. Kd3 Kd5 40. h4 a5
41. g3 Kd6 42. Kc4 Kc6 43. c3
1-0

[Event "Medium KO  1600-2000"]
[Site "SchemingMind.com"]
[Date "2007.08.08"]
[Round "-"]
[White "Apocalypse"]
[Black "Vaidotas"]
[Result "1-0"]
[WhiteCountry "USA"]
[BlackCountry "LTU"]
[WhiteElo "2126"]
[WhiteRD "82"]
[BlackElo "1954"]
[BlackRD "77"]
[GameID "115726"]

1. f4 d5 2. Nf3 g6 3. g3 Bg7 4. Bg2 d4 5. O-O c5 6. e4 dxe3 7. dxe3 Qb6 8. Nc3 Be6 9. Nd5 Bxd5 10. Qxd5 Nf6
11. Qc4 O-O 12. e4 Nc6 13. e5 Na5 14. Qe2 Ng4 15. c3 Rad8 16. h3 Nh6 17. b4 Nc6 18. Be3 Qc7 19. Bxc5 b6 20. Bf2 e6
21. a4 Ne7 22. Rfc1 Nd5 23. b5 Nf5 24. Qe1 h5 25. c4 Nde7 26. c5 bxc5 27. Bxc5 Rfe8 28. Qf2 Rc8 29. Bxa7 Qa5 30. Bc5 Nd5
31. Nd2 h4 32. g4 Ng3 33. Kh2 Bf8 34. Nb3 Qd8 35. a5 Nxf4 36. Qxf4 Ne2 37. Qf6 Nxc1 38. Qxd8 Rexd8 39. Rxc1 Bh6 40. Rb1 Bf4+
41. Kh1 Rd3 42. Bd6 Rc2 43. b6 Rg3 44. b7 Rgxg2 45. b8=Q+ Kh7 46. Bc5 Rh2+ 47. Kg1 Rxh3 48. Qb7 Kg7 49. a6 Rg3+ 50. Kf1 h3
51. a7
1-0

[Event "Medium KO  1600-2000"]
[Site "SchemingMind.com"]
[Date "2007.08.08"]
[Round "-"]
[White "Vaidotas"]
[Black "Apocalypse"]
[Result "1/2-1/2"]
[WhiteCountry "LTU"]
[BlackCountry "USA"]
[WhiteElo "1948"]
[WhiteRD "81"]
[BlackElo "2066"]
[BlackRD "91"]
[GameID "115731"]

1. e4 e6 2. d4 d5 3. Nd2 c5 4. exd5 Qxd5 5. Ngf3 cxd4 6. Bc4 Qd6 7. O-O Nf6 8. Nb3 Nc6 9. Nbxd4 Nxd4 10. Qxd4 Bd7
11. Qxd6 Bxd6 12. Rd1 Ke7 13. Bg5 h6 14. Bxf6+ gxf6 15. Rd3 Rhd8 16. Rad1 Bc6 17. Nd4 Be4 18. Re3 f5 19. f3 Bc5 20. c3 Rac8
21. fxe4 Bxd4 22. cxd4 Rxc4 23. exf5 Rcxd4 24. Rxd4 Rxd4 25. fxe6 Rd1+ 26. Kf2 fxe6 27. Ke2 Rb1 28. Rb3 b6 29. Kf3 Rf1+ 30. Ke3=
1/2-1/2

[Event "Medium KO  1600-2000"]
[Site "SchemingMind.com"]
[Date "2007.09.10"]
[Round "-"]
[White "mateintwenty"]
[Black "peeuukoo"]
[Result "1-0"]
[WhiteCountry "UGA"]
[BlackCountry "FIN"]
[WhiteElo "1963"]
[WhiteRD "106"]
[BlackElo "1927"]
[BlackRD "87"]
[GameID "119468"]

1. e4 e5 2. Nf3 Nc6 3. Bc4 Nf6 4. Nc3 Nxe4 5. Bxf7+ Kxf7 6. Nxe4 d5 7. Ng3 e4 8. Ng1 h5 9. Nxh5 Qg5 10. Ng3 Bg4
11. f3 exf3 12. Nxf3 Nd4 13. Nxg5+
1-0

[Event "Medium KO  1600-2000"]
[Site "SchemingMind.com"]
[Date "2007.09.10"]
[Round "-"]
[White "peeuukoo"]
[Black "mateintwenty"]
[Result "1-0"]
[WhiteCountry "FIN"]
[BlackCountry "UGA"]
[WhiteElo "1975"]
[WhiteRD "83"]
[BlackElo "1960"]
[BlackRD "101"]
[GameID "119473"]

1. d4 d5 2. c4 dxc4 3. Nc3 Nf6 4. e4 e6 5. Bxc4 a6 6. Nf3 c5 7. O-O Be7 8. dxc5 Qxd1 9. Rxd1 Nc6 10. a3 O-O
11. b4 a5 12. b5 Nd8 13. e5 Nd7 14. Rxd7 Bxd7 15. Ne4 f6 16. Bb2 fxe5 17. Nxe5 Bc8 18. a4 Nf7 19. f4 Nxe5 20. fxe5 Rf4
21. Bd3 Bd7 22. Bc1 Rh4 23. g3 Rh5 24. Bf4 Rf8 25. Kg2 Bc8 26. Rc1 Kh8 27. Rc4 g5 28. Bd2 g4 29. Bf4 Rd8 30. Be2 Rd5
31. Bxg4 Rhxe5 32. Bxe5+ Rxe5 33. Nd6
1-0

[Event "Medium KO  1600-2000"]
[Site "SchemingMind.com"]
[Date "2007.10.23"]
[Round "-"]
[White "rodk"]
[Black "Tahur"]
[Result "0-1"]
[WhiteCountry "USA"]
[BlackCountry "ARG"]
[WhiteElo "1661"]
[WhiteRD "86"]
[BlackElo "1964"]
[BlackRD "52"]
[GameID "125051"]

1. d4 d5 2. c4 c6 3. Nc3 Nf6 4. Nf3 dxc4 5. a4 Bf5 6. e3 e6 7. Bxc4 Nbd7 8. b3 Nb6 9. Bd3 Bb4 10. Bb2 Nbd5
11. Rc1 Qa5 12. Qd2 Be4 13. Ke2 Bxf3+ 14. gxf3 O-O-O 15. Rc2 Kb8 16. Qc1 Rhe8 17. Nxd5 exd5 18. Qg1 g6 19. Qg3+ Ka8 20. Qh4 Re6
21. Rb1 Rde8 22. Kf1 h5 23. Re2 Qb6 24. Bc1 Nd7 25. Bd2 Bxd2 26. Rxd2 Qb4 27. Rdd1 Nc5 28. Bc2 Qc3 29. Rdc1 Nd3 30. Bxd3 Qxd3+
31. Kg1 Qe2 32. Qf4 f5 33. Re1 Qd2 34. Qg3 Qa2 35. Qg2 f4 36. Qf1 fxe3 37. Re2 exf2+ 38. Rxf2 Re2 39. Rxe2 Qxe2 40. Qxe2 Rxe2
41. Kf1 Rxh2 42. Re1 Rh1+ 43. Kf2 Rxe1 44. Kxe1 Kb8 45. Kf2 Kc7 46. Kg3 Kb6 47. Kh4 c5 48. dxc5+ Kxc5 49. Kg5 Kb4
0-1

[Event "Medium KO  1600-2000"]
[Site "SchemingMind.com"]
[Date "2007.10.19"]
[Round "-"]
[White "Tahur"]
[Black "rodk"]
[Result "0-1"]
[WhiteCountry "ARG"]
[BlackCountry "USA"]
[WhiteElo "1898"]
[WhiteRD "54"]
[BlackElo "1710"]
[BlackRD "91"]
[GameID "125060"]

1. e4 c5 2. Nf3 d6 3. d4 cxd4 4. Nxd4 Nf6 5. Nc3 g6 6. Be3 Bg7 7. Bb5+ Nbd7 8. O-O a6 9. Bc4 O-O 10. f3 Qc7
11. Bd5 Nb6 12. Bb3 Nc4 13. Bxc4 Qxc4 14. a4 Bd7 15. Nb3 Rac8 16. Ra3 Rfd8 17. Nd2 Qe6 18. Rb3 Bc6 19. Bb6 Rd7 20. Re1 Qe5
21. Kh1 e6 22. Nc4 Qf4 23. Be3 Qh4 24. Nb6 d5 25. g3 Qh5 26. Nxc8 dxe4 27. Qc1 exf3 28. Kg1 Qh3 29. Ne7+ Kh8
0-1

[Event "Medium KO  1600-2000"]
[Site "SchemingMind.com"]
[Date "2007.11.21"]
[Round "-"]
[White "NinjaPawn"]
[Black "Apocalypse"]
[Result "0-1"]
[WhiteCountry "ENG"]
[BlackCountry "USA"]
[WhiteElo "1990"]
[WhiteRD "115"]
[BlackElo "2362"]
[BlackRD "77"]
[GameID "129273"]

1. e4 e5 2. Nf3 d6 3. d4 exd4 4. Nxd4 Nf6 5. Nc3 g6 6. Nf3 Nc6 7. Bg5 h6 8. Bxf6 Qxf6 9. Nd5 Qd8 10. Nd4 Bg7
11. Nb5 O-O 12. Nbxc7 Rb8 13. c3 f5 14. Bd3 Rf7 15. exf5 gxf5 16. Nb5 Kh7 17. Qh5 Kg8 18. O-O-O a6 19. Na3 b5 20. Rhe1 Qg5+
21. Qxg5 hxg5 22. Re8+ Rf8 23. Rxf8+ Bxf8 24. Nc2 Ne5 25. Be2 Bb7 26. h3 Kf7 27. g3 Ke6 28. Ncb4 Rc8 29. Nb6 Rc5 30. a4 a5
31. Nc2 bxa4 32. Nxa4 Rc7 33. Nd4+ Kf6 34. g4 f4 35. Nb6 Rh7 36. Bf1 Be4 37. Nb5 Bf3 38. Rd2 Nxg4 39. Nd4 Ne5 40. Nxf3 Nxf3
41. Rd5 Ne5 42. Rd4 Be7 43. b3 Rh8 44. Kc2 Ke6 45. Ba6 Rb8 46. Nd5 Bd8 47. Rd1 Ra8 48. Bb5 Rb8 49. Be2 f3 50. Ba6 Ra8=
51. Bb5 Rb8= 52. c4 Be7 53. Ne3 Rh8 54. Rg1 Rxh3 55. Ba6 Rh2 56. Bc8+ Kf7 57. Rf1 Rh8 58. Bf5 Nc6 59. Be4 Nd4+ 60. Kc3 Bf6
61. Bd5+ Ke7 62. Rd1 Ne6+ 63. Kd3 Nc5+ 64. Kc2 Be5 65. Ng4 Rb8 66. Rb1 Ne6 67. Nxe5 dxe5 68. Rh1 Nd4+ 69. Kd3 Kd6 70. Ke4 Nxb3
71. Rh6+ Kc5 72. Kxe5 a4 73. Bxf3 Re8+ 74. Kf5 Nd4+ 75. Kg4 Nxf3 76. Kxf3 Ra8 77. Rh1 Kxc4 78. Kg4 Ra5 79. Rc1+ Kb3
0-1

[Event "Medium KO  1600-2000"]
[Site "SchemingMind.com"]
[Date "2007.11.21"]
[Round "-"]
[White "Apocalypse"]
[Black "NinjaPawn"]
[Result "1-0"]
[WhiteCountry "USA"]
[BlackCountry "ENG"]
[WhiteElo "2300"]
[WhiteRD "78"]
[BlackElo "2000"]
[BlackRD "108"]
[GameID "129282"]

1. e4 c5 2. Nf3 d6 3. d4 cxd4 4. Nxd4 Nf6 5. Nc3 Nc6 6. f3 e6 7. Be3 Be7 8. Qd2 O-O 9. O-O-O a6 10. g4 Nxd4
11. Bxd4 b5 12. g5 Nd7 13. h4 b4 14. Na4 Qa5 15. b3 Bb7 16. a3 d5 17. g6 fxg6 18. h5 gxh5 19. Bh3 e5 20. Bxd7 exd4
21. Be6+ Kh8 22. Rxh5 Rf6 23. Rxh7+ Kxh7 24. Rh1+ Rh6 25. Bf5+ Kg8 26. Rxh6 gxh6 27. Qxh6 Kf7 28. Qg6+ Kf8 29. Be6 Bg5+ 30. Qxg5 Qd8
31. Qg6 Ke7 32. Nc5 Qf8 33. exd5 d3 34. Nxb7 Qf4+ 35. Kb1 Rd8 36. Qg7+ Ke8 37. Nxd8 Kxd8 38. Qd7#
1-0

[Event "Medium KO  1600-2000"]
[Site "SchemingMind.com"]
[Date "2007.12.08"]
[Round "-"]
[White "marks"]
[Black "tiggeronvrb"]
[Result "1-0"]
[WhiteCountry "PHI"]
[BlackCountry "SCO"]
[WhiteElo "1789"]
[WhiteRD "66"]
[BlackElo "1780"]
[BlackRD "63"]
[GameID "132057"]

1. Nf3 d5 2. d4 Nf6 3. Bg5 e6 4. Bxf6 Qxf6 5. e3 c5 6. c3 Nc6 7. Be2 Bd6 8. O-O e5 9. dxe5 Nxe5 10. Qxd5 O-O
11. Nbd2 Rb8 12. Nb3 b6 13. Qd1 Bb7 14. Nbd2 Rbd8 15. Qc2 Rfe8 16. Rad1 Qh6 17. g3 Re6 18. Nxe5 Bxe5 19. Nf3 Bc7 20. Rxd8+ Bxd8
21. Qf5 Be4 22. Qg4 f5 23. Qf4 Qxf4 24. exf4 Bf6 25. Bc4 Kf7 26. Bxe6+ Kxe6 27. Ng5+ Bxg5 28. fxg5 g6 29. Re1 Kd7 30. g4 Kd6
31. gxf5 Bxf5 32. f3 Kd7 33. Kf2 Kd6 34. h4 Kd7 35. Kg3 Kd6 36. Kf4 Kd7 37. Ke5 Ke7 38. h5 Kd7 39. Kf6 Kd6 40. h6
1-0

[Event "Medium KO  1600-2000"]
[Site "SchemingMind.com"]
[Date "2007.12.07"]
[Round "-"]
[White "tiggeronvrb"]
[Black "marks"]
[Result "0-1"]
[WhiteCountry "SCO"]
[BlackCountry "PHI"]
[WhiteElo "1788"]
[WhiteRD "67"]
[BlackElo "1732"]
[BlackRD "63"]
[GameID "132066"]

1. Nf3 Nf6 2. c4 c6 3. d4 d5 4. Nc3 e6 5. e3 Bd6 6. Bd3 Nbd7 7. O-O dxc4 8. Bxc4 Nb6 9. Bd3 Qc7 10. Re1 Nbd7
11. e4 e5 12. d5 O-O 13. dxc6 bxc6 14. Bg5 h6 15. Be3 Nb6 16. Qd2 Kh7 17. Rac1 Qe7 18. h3 Be6 19. Nh4 Nc4 20. Qe2 Nxe3
21. Qxe3 Bc5 22. Qg3 Nh5 23. Qxe5 Bxf2+ 24. Kxf2 Qxh4+ 25. Kg1 Nf4 26. Bb1 Qg3
0-1

[Event "Medium KO  1600-2000"]
[Site "SchemingMind.com"]
[Date "2008.01.15"]
[Round "-"]
[White "marks"]
[Black "Tahur"]
[Result "0-1"]
[WhiteCountry "PHI"]
[BlackCountry "ARG"]
[WhiteElo "1765"]
[WhiteRD "65"]
[BlackElo "1943"]
[BlackRD "54"]
[GameID "137178"]

1. Nf3 d5 2. d4 Nf6 3. g3 Nc6 4. c3 e6 5. Bg2 h6 6. O-O Bd6 7. Re1 O-O 8. Qc2 Re8 9. Nbd2 e5 10. dxe5 Nxe5
11. Nxe5 Rxe5 12. Nf3 Rh5 13. Nh4 Ng4 14. h3 Nxf2 15. Kxf2 Bxg3+ 16. Kxg3 Qxh4+ 17. Kf3 Qxe1
0-1

[Event "Medium KO  1600-2000"]
[Site "SchemingMind.com"]
[Date "2008.01.15"]
[Round "-"]
[White "Tahur"]
[Black "marks"]
[Result "1-0"]
[WhiteCountry "ARG"]
[BlackCountry "PHI"]
[WhiteElo "1979"]
[WhiteRD "54"]
[BlackElo "1762"]
[BlackRD "66"]
[GameID "137182"]

1. e4 c6 2. d4 d5 3. Nd2 dxe4 4. Nxe4 Nd7 5. Bc4 e6 6. c3 Ngf6 7. Nxf6+ Nxf6 8. Nf3 Bd6 9. a4 a5 10. b3 Qc7
11. O-O Ng4 12. h3 Nf6 13. Re1 O-O 14. Ba3 Bxa3 15. Rxa3 b5 16. Bd3 Bb7 17. Qd2 Qd6 18. Ra2 Rfd8 19. Re5 c5 20. Rxc5 Bxf3
21. gxf3 b4 22. Rc4 Nd5 23. cxb4 Nxb4 24. Be4 Nxa2 25. Bxa8 Rxa8 26. Qxa2 h6 27. Qd2 Rb8 28. Qxa5 Rxb3 29. Rc8+ Kh7 30. Qc5 Qxc5
31. dxc5 Rxf3 32. c6 Ra3 33. c7
1-0

[Event "Medium KO  1600-2000"]
[Site "SchemingMind.com"]
[Date "2008.06.29"]
[Round "-"]
[White "peeuukoo"]
[Black "Apocalypse"]
[Result "0-1"]
[WhiteCountry "FIN"]
[BlackCountry "USA"]
[WhiteElo "2060"]
[WhiteRD "97"]
[BlackElo "2393"]
[BlackRD "79"]
[GameID "160709"]

1. d4 Nf6 2. c4 c5 3. d5 b5 4. cxb5 a6 5. b6 g6 6. Nc3 Bg7 7. e4 d6 8. Bd3 Nbd7 9. b7 Bxb7 10. Nge2 Qc7
11. O-O O-O 12. h3 Rae8 13. Ng3 e6 14. Be3 exd5 15. exd5 Nxd5 16. Nxd5 Bxd5 17. Bxa6 Bxg2 18. Kxg2 Qc6+ 19. Kg1 Qxa6 20. Qc2 Ne5
21. Qe2 Qc6 22. f3 d5 23. Rac1 Nc4
0-1

[Event "Medium KO  1600-2000"]
[Site "SchemingMind.com"]
[Date "2008.06.29"]
[Round "-"]
[White "Apocalypse"]
[Black "peeuukoo"]
[Result "1-0"]
[WhiteCountry "USA"]
[BlackCountry "FIN"]
[WhiteElo "2417"]
[WhiteRD "81"]
[BlackElo "2040"]
[BlackRD "98"]
[GameID "160722"]

1. f4 Nf6 2. Nf3 d6 3. e3 Nc6 4. b3 e5 5. fxe5 Nxe5 6. Bb2 Ng6 7. Bd3 Be7 8. O-O O-O 9. c4 d5 10. Nc3 c6
11. Qc2 dxc4 12. bxc4 Qc7 13. Ne4 Nxe4 14. Bxe4 Bg4 15. c5 Be6 16. Nd4 Bg4 17. Nf5 Bxf5 18. Rxf5 Bf6 19. Bxf6 gxf6 20. Raf1 Rae8
21. Rxf6 Kg7 22. R6f3 Qe5 23. Bf5 Kg8 24. d4 Qd5 25. Rh3 Kg7 26. Qe2 Rh8 27. Qh5 Qd8 28. Qh6+ Kg8 29. Bxg6 fxg6 30. Rg3 Re7
31. h4 Rf7 32. Rxf7 Kxf7 33. Rf3+ Kg8 34. h5 Qe8 35. Rf6
1-0

[Event "Medium KO  1600-2000"]
[Site "SchemingMind.com"]
[Date "2008.10.08"]
[Round "-"]
[White "Tahur"]
[Black "Apocalypse"]
[Result "0-1"]
[WhiteCountry "ARG"]
[BlackCountry "USA"]
[WhiteElo "1985"]
[WhiteRD "74"]
[BlackElo "2361"]
[BlackRD "77"]
[GameID "173555"]

1. e4 c5 2. Nf3 d6 3. d4 cxd4 4. Nxd4 Nf6 5. Nc3 a6 6. Be2 e5 7. Nf3 h6 8. h3 Be6 9. Be3 Be7 10. O-O O-O
11. Qd3 Nbd7 12. Rfd1 Rc8 13. Ba7 b6 14. Qxa6 Rxc3 15. bxc3 Nxe4 16. c4 Qc7 17. Bd3 Nec5 18. Qa3 Ra8 19. Be2 Qxa7 20. Qxa7 Rxa7
21. a3 Na4 22. Re1 f5 23. Bf1 Kf7 24. Rab1 Bf6 25. Rbd1 Ke7 26. Rd2 Nc3 27. Ra1 Nc5 28. g3 Rc7 29. Nh4 Bxh4 30. gxh4 N5e4
31. Rd3 Bxc4 32. Re3 f4 33. Ree1 Nd2 34. Bg2 f3 35. Bh1 Be6 36. a4 Bxh3 37. Kh2 Bd7 38. Rg1 g5 39. Rg3 g4 40. Rgg1 Ne2
41. Rge1 Rxc2 42. Rad1 Ne4 43. Bxf3 gxf3 44. Rd3 Nxf2 45. Rxf3 Ng4+ 46. Kg2 Nf4+ 47. Kg1 Bc6 48. Ree3 Rg2+ 49. Kf1 Bxf3 50. Rxf3 Nh2+
0-1